An investigation into stylistic devices in the autobiography “my life” by bill clinton /

Though there have been many researches on stylistic devices, those used in writing autobiography, a distinguished type of writing, have not been deeply figured out. This thesis attempts to find out the stylistic devices in the autobiography “My Life” by Bill Clinton. By observation and investigation...

Full description

Saved in:
Bibliographic Details
Main Author: Nguyễn,Thị Thanh Thảo
Other Authors: Lưu Quý Khương (supervisor)
Format: Thesis Book
Language:English
Published: ĐHĐN : ĐHĐN. 2015
Subjects:
Tags: Add Tag
No Tags, Be the first to tag this record!
Institutions: Mạng thư viện Đại học Đà Nẵng
LEADER 03937cam a22003971a 4500
001 000035425
003 11705
005 20230109101425.0
008 151229s2015 000 eng
040 |a LNN 
041 |a eng 
082 |a 420.8  |b NG-T 
100 |a Nguyễn,Thị Thanh Thảo 
245 3 |a An investigation into stylistic devices in the autobiography “my life” by bill clinton /  |c Nguyễn Thị Thanh Thảo;Lưu Quý Khương supervisor. 
260 |c 2015  |a ĐHĐN :  |b ĐHĐN. 
300 |a 87tr . : ;  |c 30cm+. 
502 |a Master thesis in social sciences and humanities 
520 |a Though there have been many researches on stylistic devices, those used in writing autobiography, a distinguished type of writing, have not been deeply figured out. This thesis attempts to find out the stylistic devices in the autobiography “My Life” by Bill Clinton. By observation and investigation the research has found that metaphor, a powerful stylistic device to create images and parallelism, a structural stylistic device playing as the base for many other stylistic devices are widely used in volume I of the book. By using both qualitative and descriptive approach, the research has investigated the syntactic and pragmatic features of metaphor and parallelism in the book. The findings of the study have shown that metaphor and parallelism in the book were constructed from various types of syntactic structures and presented a number of pragmatic meaning. On the basis of the findings, some activities for teaching and learning English stylistic devices, especially learning metaphor and parallelism have been put forward. Finally, suggestions for further study are made for anyone that is interested in this problem to continue studying to perfect this research 
650 |a stylistic devices in the autobiography “my life” by bill clinton 
653 |a stylistic devices  |a autobiography “my life” 
700 |a Lưu Quý Khương  |e supervisor 
OWN |a LNN 
AVA |a UDN50  |b LNN  |c English  |d 420.8 NG-T  |e available  |t Error 5001 Not defined in file expand_doc_bib_avail.  |f 1  |g 0  |h N  |i 0  |j AN  |k 1 
Z40 3 |y An investigation into stylistic devices in the autobiography “my life” by bill clinton /  |l Library of UFL  |t VIEW  |x http://catalog.udn.vn:80/F?func=service&doc_library=UDN01&local_base=UDN01&doc_number=000035425&sequence=000001&line_number=0001&func_code=DB_RECORDS&service_type=MEDIA  |f TOMTAT_000013217.pdf  |e pdf  |s 000106239  |k 20210923  |m NTMTHI 
Z40 3 |y An investigation into stylistic devices in the autobiography “my life” by bill clinton /  |l Library of UFL  |t VIEW  |x http://catalog.udn.vn:80/F?func=service&doc_library=UDN01&local_base=UDN01&doc_number=000035425&sequence=000002&line_number=0002&func_code=DB_RECORDS&service_type=MEDIA  |f luanvan_000013219.pdf  |e pdf  |s 000369361  |k 20210923  |m NTMTHI 
999 |a From the UDN01 
AVA |a UDN50  |b LNN  |c English  |d 420.8 NG-T  |e available  |t Error 5001 Not defined in file expand_doc_bib_avail.  |f 1  |g 0  |h N  |i 0  |j AN  |k 1 
TYP |a Dissertation 
TYP |a Monograph 
TYP |a Printed language 
856 |y An investigation into stylistic devices in the autobiography “my life” by bill clinton /  |l Library of UFL  |t VIEW  |x http://catalog.udn.vn:80/F?func=service&doc_library=UDN01&local_base=UDN01&doc_number=000035425&sequence=000001&line_number=0001&func_code=DB_RECORDS&service_type=MEDIA  |f TOMTAT_000013217.pdf  |e pdf  |s 000106239  |k 20210923  |m NTMTHI 
856 |y An investigation into stylistic devices in the autobiography “my life” by bill clinton /  |l Library of UFL  |t VIEW  |x http://catalog.udn.vn:80/F?func=service&doc_library=UDN01&local_base=UDN01&doc_number=000035425&sequence=000002&line_number=0002&func_code=DB_RECORDS&service_type=MEDIA  |f luanvan_000013219.pdf  |e pdf  |s 000369361  |k 20210923  |m NTMTHI 
980 |a Mạng thư viện Đại học Đà Nẵng